[Event "2009 año del buey"]
[Site "SchemingMind.com"]
[Date "2009.02.23"]
[Round "-"]
[White "Brerrabbit"]
[Black "myghtyhill"]
[Result "0-1"]
[WhiteCountry "SCO"]
[BlackCountry "CHN"]
[WhiteElo "1329"]
[WhiteRD "76"]
[BlackElo "1707"]
[BlackRD "80"]
[GameID "193731"]

1. e4 c5 2. d4 cxd4 3. c3 dxc3 4. Nxc3 Nc6 5. Nf3 d6 6. Bb5 Bd7 7. Bg5 h6 8. Bf4 Nf6 9. O-O g5 10. Be3 Bg7
11. Rc1 a6 12. Bc4 O-O 13. e5 dxe5 14. Nd5 Nxd5 15. Bxd5 e6 16. Be4 f5 17. Bc2 e4 18. Nd4 Qf6 19. f3 f4 20. fxe4 Nxd4
21. Bxd4 Qxd4+ 22. Qxd4 Bxd4+ 23. Kh1 Bc6 24. Rcd1 Bxb2 25. Bb3 Kf7 26. e5 Rfd8 27. Rb1 Ba3 28. h3 h5 29. Kh2 Rd2
0-1

[Event "2009 año del buey"]
[Site "SchemingMind.com"]
[Date "2009.02.24"]
[Round "-"]
[White "Brerrabbit"]
[Black "GMCasefoncz"]
[Result "0-1"]
[WhiteCountry "SCO"]
[BlackCountry "NCA"]
[WhiteElo "1349"]
[WhiteRD "72"]
[BlackElo "2046"]
[BlackRD "106"]
[GameID "193732"]

1. e4 e6 2. Nf3 c5 3. d4 cxd4 4. c3 a6 5. cxd4 d5 6. e5 Nc6 7. Nc3 Bb4 8. Bg5 Nge7 9. Nh4 Qb6 10. Be3 Bd7
11. Nf3 Nf5 12. Bd3 Nxe3 13. fxe3 Be7 14. e4 Qxb2 15. Na4 Qxg2 16. Rg1 Bb4+
0-1

[Event "2009 año del buey"]
[Site "SchemingMind.com"]
[Date "2009.02.23"]
[Round "-"]
[White "Brerrabbit"]
[Black "klagefall"]
[Result "0-1"]
[WhiteCountry "SCO"]
[BlackCountry "GER"]
[WhiteElo "1349"]
[WhiteRD "72"]
[BlackElo "1953"]
[BlackRD "73"]
[GameID "193733"]

1. e4 e5 2. Nf3 Nc6 3. Nc3 Nf6 4. d4 exd4 5. Nxd4 Bb4 6. Bc4 Nxe4 7. O-O Bxc3 8. bxc3 d5 9. Bb5 Bd7 10. Re1 O-O
11. Bd3 Nxd4 12. cxd4 Re8 13. Bd2 Nxd2 14. Qxd2 Qf6 15. Be2 c6 16. Rab1 b5 17. Rb3 g6 18. Rh3 Re7 19. Rg3 Rae8 20. Re3 Rxe3
21. fxe3 Qg5 22. Bf3 Bf5 23. g3 Be4 24. Qg2 Qf5 25. Rf1 Bxf3 26. Rxf3 Qg5 27. h3 Rxe3 28. Rxe3 Qxe3+ 29. Qf2 Qxf2+ 30. Kxf2 Kg7
31. Kf3 Kf6 32. g4 g5 33. Ke3 Ke6 34. c3 f5 35. gxf5+ Kxf5 36. Kf3 h5 37. a3 g4+
0-1

[Event "2009 año del buey"]
[Site "SchemingMind.com"]
[Date "2009.02.24"]
[Round "-"]
[White "jtrochez1"]
[Black "Brerrabbit"]
[Result "0-1"]
[WhiteCountry "HON"]
[BlackCountry "SCO"]
[WhiteElo "1540"]
[WhiteRD "53"]
[BlackElo "1341"]
[BlackRD "77"]
[GameID "193734"]

1. e4 e5 2. Nf3 Nc6 3. d4 Nf6 4. Nc3 Bb4 5. Bd3 exd4 6. e5 dxc3 7. b3 Ng4 8. Bf4 Bc5 9. O-O d6 10. exd6 cxd6
11. Qe1+ Ne7 12. Qxc3 O-O 13. h3 Nd5 14. Qc4 Nxf2 15. Rxf2 Bxf2+ 16. Kxf2 Be6 17. Qd4 Rc8 18. Bd2 Qb6 19. Qxb6 Nxb6 20. Kg1 Rfe8
21. Nd4 Bd5 22. Nf5 Rc6 23. Bb5 Rc5 24. Bxe8 Rxc2 25. Rd1 Rxa2 26. Nxd6 Bxb3 27. Re1 Rxd2 28. Bb5 g6 29. Nxb7 Bd5 30. Re2 Rxe2
31. Bxe2 Nd7 32. Na5 Ne5 33. Kf2 f5 34. g3 Nc6 35. Nxc6 Bxc6 36. Ke1 a5 37. Bc4+ Kg7 38. Kd2 Kf6 39. Ke3 Ke5 40. h4 Bd5
41. Bb5 h6 42. Ba4 g5 43. hxg5 hxg5 44. Kf2 Ke4 45. Ke2 f4 46. gxf4 Kxf4 47. Kf2 g4 48. Kg1 Kf3 49. Bd1+ Kf4 50. Ba4 Ke4
51. Kf2 Kf4 52. Kg1 Ke3 53. Kh2 Kf2 54. Bc6 g3+
0-1

[Event "2009 año del buey"]
[Site "SchemingMind.com"]
[Date "2009.02.23"]
[Round "-"]
[White "fouche"]
[Black "Brerrabbit"]
[Result "1-0"]
[WhiteCountry "COL"]
[BlackCountry "SCO"]
[WhiteElo "1571"]
[WhiteRD "53"]
[BlackElo "1349"]
[BlackRD "72"]
[GameID "193735"]

1. e4 e5 2. f4 exf4 3. Bc4 Qh4+ 4. Kf1 Bc5 5. d4 Be7 6. Nf3 Qf6 7. Nc3 Qg6 8. Bxf4 b6 9. h3 Bb7 10. Qd3 Nf6
11. Re1 O-O 12. Kg1 c5 13. d5 d6 14. Kh2 Nh5 15. Qe3 Bh4 16. Nxh4 Qf6 17. Ref1 Qe7 18. Nf5 Qd7 19. g4 Nxf4 20. Qxf4
1-0

[Event "2009 año del buey"]
[Site "SchemingMind.com"]
[Date "2009.02.24"]
[Round "-"]
[White "Mitchell-in"]
[Black "Brerrabbit"]
[Result "1-0"]
[WhiteCountry "ENG"]
[BlackCountry "SCO"]
[WhiteElo "1779"]
[WhiteRD "60"]
[BlackElo "1349"]
[BlackRD "72"]
[GameID "193736"]

1. e4 e5 2. Nf3 Nc6 3. Bb5 a6 4. Ba4 Nf6 5. O-O Bc5 6. c3 d5 7. Nxe5 Bd7 8. Nxd7 Qxd7 9. d4 Be7 10. e5 Ne4
11. Nd2 O-O 12. Re1 Qf5 13. Nxe4 dxe4 14. Qe2 b5 15. Bc2 Qh5 16. Bxe4 Qxe2 17. Rxe2 Rab8 18. Bxc6 Rb6 19. Bf3 Rh6 20. Bxh6
1-0

[Event "2009 año del buey"]
[Site "SchemingMind.com"]
[Date "2009.02.25"]
[Round "-"]
[White "kwabena"]
[Black "Brerrabbit"]
[Result "1-0"]
[WhiteCountry "ENG"]
[BlackCountry "SCO"]
[WhiteElo "1612"]
[WhiteRD "68"]
[BlackElo "1329"]
[BlackRD "76"]
[GameID "193737"]

1. d4 e6 2. Bf4 d5 3. e3 Bd6 4. Bxd6 Qxd6 5. Nf3 Nf6 6. a3 b6 7. c4 Ba6 8. Nc3 dxc4 9. Qa4+ b5 10. Nxb5 Bxb5
11. Qxb5+ c6 12. Qxc4 O-O 13. Ne5 Nbd7 14. Qxc6 Qxc6 15. Nxc6 Rfe8 16. Bb5 a6 17. Ba4 a5 18. Ne5 Rec8 19. Nxd7 Nxd7 20. Bxd7 Rc7
21. Bb5 Rb8 22. a4 f6 23. O-O e5 24. d5
1-0

[Event "2009 año del buey"]
[Site "SchemingMind.com"]
[Date "2009.02.24"]
[Round "-"]
[White "tyler_ensor"]
[Black "Brerrabbit"]
[Result "1-0"]
[WhiteCountry "CAN"]
[BlackCountry "SCO"]
[WhiteElo "1730"]
[WhiteRD "95"]
[BlackElo "1329"]
[BlackRD "76"]
[GameID "193738"]

1. f4 e5 2. e4 exf4 3. Nf3 g5 4. h4 d5 5. Nxg5 Nf6 6. e5 Ne4 7. Nxe4 dxe4 8. Nc3 e3 9. dxe3 fxe3 10. Qxd8+ Kxd8
11. Bxe3 Nc6 12. O-O-O+ Ke8 13. Nd5 Kd8 14. Nb6+
1-0

[Event "2009 año del buey"]
[Site "SchemingMind.com"]
[Date "2009.02.25"]
[Round "-"]
[White "myghtyhill"]
[Black "Brerrabbit"]
[Result "1-0"]
[WhiteCountry "CHN"]
[BlackCountry "SCO"]
[WhiteElo "1719"]
[WhiteRD "81"]
[BlackElo "1324"]
[BlackRD "77"]
[GameID "193739"]

1. d4 d6 2. e4 d5 3. e5 e6 4. Nf3 Nc6 5. Bb5 Be7 6. O-O a6 7. Ba4 b5 8. Bb3 f6 9. c3 b4 10. Ba4 Bd7
11. Nbd2 f5 12. cxb4 Nxb4 13. Bxd7+ Qxd7 14. a3 Nd3 15. b4 Nxc1 16. Rxc1 Rc8 17. Qc2 c6 18. Nb3 Nh6 19. h3 O-O 20. Nc5 Bxc5
21. Qxc5 Qd8 22. Rc2 g5 23. Rfc1 g4 24. hxg4 fxg4 25. Nh2 Qg5 26. Qd6 g3 27. Qxe6+ Nf7 28. Ng4 Rfe8 29. Nf6+ Kg7 30. Nxe8+ Rxe8
31. Qf6+ Qxf6 32. exf6+ Kxf6 33. Rxc6+ Kf5 34. fxg3 Re4 35. Rf1+ Kg5 36. Rxf7
1-0

[Event "2009 año del buey"]
[Site "SchemingMind.com"]
[Date "2009.02.24"]
[Round "-"]
[White "GMCasefoncz"]
[Black "Brerrabbit"]
[Result "1-0"]
[WhiteCountry "NCA"]
[BlackCountry "SCO"]
[WhiteElo "2046"]
[WhiteRD "106"]
[BlackElo "1349"]
[BlackRD "72"]
[GameID "193740"]

1. e4 e5 2. Nf3 Nc6 3. Bb5 a6 4. Ba4 Bc5 5. Nc3 Nf6 6. d3 Ng4 7. O-O Nd4 8. Nxd4 Bxd4 9. Qxg4 c6 10. Qxg7 Ke7
11. Bg5+
1-0

[Event "2009 año del buey"]
[Site "SchemingMind.com"]
[Date "2009.02.25"]
[Round "-"]
[White "klagefall"]
[Black "Brerrabbit"]
[Result "1-0"]
[WhiteCountry "GER"]
[BlackCountry "SCO"]
[WhiteElo "1953"]
[WhiteRD "73"]
[BlackElo "1349"]
[BlackRD "72"]
[GameID "193741"]

1. d4 e6 2. c4 d5 3. Nf3 Nc6 4. Nc3 Nf6 5. Bf4 Bd6 6. e3 Qe7 7. Rc1 Ne4 8. Bd3 b6 9. Nxe4 dxe4 10. Bxe4 Bb7
11. Bxd6 Qxd6 12. O-O O-O-O 13. c5 Qe7 14. cxb6 cxb6 15. Ne5 f6 16. Nxc6 Bxc6 17. Bxc6 Rd6 18. Qa4 e5 19. d5 Kb8 20. Rc3
1-0